000 00711nam a2200229Ia 4500
003 IN-BaIIA
008 211028s9999 xx 000 0 eng d
020 _a978-3-642-41719-1
040 _cIIA Library
080 _a524.6-52
_bBLA
100 _aBland-Hawthorn, Joss
_936244
245 4 _aThe Origin of the galaxy and local group
_cJoss Bland-Hawthorn, K. Freeman and F. Matteucci
260 _aHeidelberg
_bSpringer
_c2014
300 _aix, 231p.
490 _aSaas-Fee advanced course; v. 37
650 _aGalaxies - Evolutio
_936245
650 _aGalaxies - Formation
_920088
650 _aMilky Way
_96712
700 _aFreeman, Kenneth
_936246
700 _aMatteucci, Francesca
_925848
942 _cBK
999 _c18987
_d18987